| 000 | 00802nam a2200265 i 4500 | ||
|---|---|---|---|
| 001 | 000043252 | ||
| 003 | DO-SdBNP | ||
| 005 | 20250826110346.0 | ||
| 007 | ta | ||
| 008 | 250826s2021 dr 000 0 spa d | ||
| 020 | _a9789945929331 | ||
| 040 |
_aDO-SdBNP _bspa _cBNPHU _erda |
||
| 041 | _asp | ||
| 082 | 4 |
_axxx _bC352q _222 |
|
| 100 | 1 |
_aCastillo Salas, Máximo, _d1960- _eautor _970856 |
|
| 245 | 1 | 0 |
_aLo que nunca se ha dicho : _btrucos y jugarretas de los gobiernos dominicanos / _cMáximo Castillo Salas. |
| 264 |
_aSanto Domingo : _bEdiciones Creamos, _c2021 |
||
| 300 |
_a280 páginas ; _c23 cm. |
||
| 336 |
_ardacontent _btexto _2txt |
||
| 337 |
_ardamedia _bsin mediación _2n |
||
| 338 |
_ardacarrier _bvolumen _2nc |
||
| 590 | _aInventariado, 2025/DG | ||
| 910 | _aDG | ||
| 942 |
_2ddc _cLBS1 |
||
| 999 |
_c59820 _d59820 |
||